Normal view
MARC view
- KOK, KENNETH D
Entry Personal Name
001 - CONTROL NUMBER
- control field: 26203
003 - CONTROL NUMBER IDENTIFIER
- control field: NUST
005 - DATE AND TIME OF LATEST TRANSACTION
- control field: 20191126110810.0
008 - FIXED-LENGTH DATA ELEMENTS
- fixed length control field: 191126|| aca||aabn | a|a d
040 ## - CATALOGING SOURCE
- Original cataloging agency: NUST
- Transcribing agency: NUST
100 ## - HEADING--PERSONAL NAME
- Personal name: KOK, KENNETH D
670 ## - SOURCE DATA FOUND
- Source citation: Work cat.: (NUST): KOK, KENNETH D, NUCLEAR ENGINEERING HANDBOOK, 2009
